000
00271nam a22001217a 4500
008
170329b xxu||||| |||| 00| 0 eng d
041
_a
eng
080
_a
616-053.2
100
_a
8
101
_a
SHM
245
_a
CHILD ABUSE AND NEGLECT
_c
IVERSON, T.J
942
_2
udc
_c
BK
999
_c
8950
_d
8950